Actividades preescolares: matemáticas / Sarah Thoop (Registro nro. 11869)

Detalles MARC
000 -LEADER
fixed length control field 00544nam a22002051a 4500
001 - CONTROL NUMBER
control field 11869
003 - CONTROL NUMBER IDENTIFIER
control field OSt
005 - DATE AND TIME OF LATEST TRANSACTION
control field 20260204212300.0
008 - FIXED-LENGTH DATA ELEMENTS--GENERAL INFORMATION
fixed length control field 140801s1989||||sp ||||||b||||||||||spa||
020 ## - NUMERO DE LIBRO INTERNACIONAL NORMALIZADO
International Standard Book Number 0822444259
082 ## - DEWEY DECIMAL CLASSIFICATION NUMBER
Classification number 372.7 T389a
100 ## - ASIENTO PRINCIPAL -- NOMBRE PERSONAL
Personal name Throop, Sarah
245 ## - TÍTULO PROPIAMENTE DICHO: SUBTÍTULO
Title Actividades preescolares: matemáticas / Sarah Thoop
250 ## - MENCIÓN DE EDICIÓN
Edition statement 7
264 ## - PRODUCTION, PUBLICATION, DISTRIBUTION, MANUFACTURE, AND COPYRIGHT NOTICE
Place of production, publication, distribution, manufacture Barcelona : CEAC
300 ## - PHYSICAL DESCRIPTION
Extensión 111 p
490 ## - MENCIÓN DE SERIE
Series statement (Coleccion educacion y enseñanza, Serie preescolar)
650 ## - ASIENTO SECUNDARIO DE MATERIA -- TERMINO TEMÁTICO
Termino Temático Como Elemento de Entrada MATEMATICAS - ENSEÑANZA ELEMENTALÌ
942 ## - ADDED ENTRY ELEMENTS (KOHA)
Source of classification or shelving scheme Dewey Decimal Classification
Koha item type Libros
Existencias
Withdrawn status Lost status Source of classification or shelving scheme Damaged status Not for loan Current library Date acquired Total Checkouts Full call number Barcode Date last seen Price effective from Koha item type
    Dewey Decimal Classification     Biblioteca UTECO 09/09/2019   372.7 T389A 017353 09/09/2019 09/09/2019 Libros
© 2021 Derechos Reservados UTECO - Teléfono: +1 809-585-2291 - Correo electrónico: biblioteca@uteco.edu.do​  
Código postal 43000 ​​
Dirección: Avenida Universitaria No. 100, 
Cotuí, Provincia Sánchez Ramírez, República Dominicana - RNC: 404-00059-6